[Event "B"]
[Site ""]
[Date "2009.01.31"]
[Round "1.112"]
[White "Martynov, Vladimir"]
[Black "Nepomnin, Vladilen"]
[Result "0-1"]
[WhiteElo "2184"]
[BlackElo "1888"]
[Annotator ""]
[Source ""]
[Remark ""]

1.e4 c5 2.Nf3 Nc6 3.d4 cxd4 4.Nxd4 e5 5.Nb5 d6 6.a4 a6 7.N5a3
Nf6 8.Nc3 Be6 9.Bg5 Be7 10.Qd2 O-O 11.f3 Rc8 12.g3 Nd4 13.Bg2
Qb6 14.Rb1 Rfd8 15.Be3 d5 16.Qf2 dxe4 17.O-O exf3 18.Bxf3 Nxf3+
19.Qxf3 Qxe3+ 20.Qxe3 Bc5 21.Qf2 Ng4 22.Qxc5 Rxc5 23.h3 Nh6 24.g4
f6 25.Ne2 Nf7 26.Rbd1 Kf8 27.Rxd8+ Nxd8 28.Kf2 g6 29.Ke3 Ke7
30.Kd3 Rc7 31.a5 Nc6 32.Nc4 Nb4+ 33.Kc3 Rxc4+ 0-1

[Event "B"]
[Site ""]
[Date "2009.11.20"]
[Round "1.113"]
[White "Emdin, Mark"]
[Black "Klimovets, Kirill"]
[Result "0-1"]
[WhiteElo "1885"]
[BlackElo "2183"]
[Annotator ""]
[Source ""]
[Remark ""]

1.e4 c5 2.Nf3 d6 3.Bc4 Nf6 4.e5 dxe5 5.Nxe5 e6 6.Qe2 Bd6 7.b3
a6 8.a4 O-O 9.Bb2 Nbd7 10.O-O Qc7 11.f4 Nd5 12.Bxd5 exd5 13.Nxd7
Bxd7 14.Qh5 d4 15.f5 f6 16.d3 Rae8 17.Nd2 Bc6 18.Rae1 Bf4 19.Bc1
Be3+ 20.Kh1 b5 21.axb5 axb5 22.Re2 Qb7 23.Qg4 Re5 24.Nf3 Bxf3
25.Rxf3 Bxc1 26.Rxe5 fxe5 27.f6 Bf4 28.fxg7 Qxg7 29.Qe6+ Kh8
30.Qd5 Qe7 31.g3 Bh6 32.Rxf8+ Bxf8 33.h4 Qf6 34.Kg2 b4 0-1

[Event "B"]
[Site ""]
[Date "2009.11.20"]
[Round "1.116"]
[White "Medvedev, Vladimir"]
[Black "Shurunov, Andrei"]
[Result "1-0"]
[WhiteElo "2182"]
[BlackElo "1882"]
[Annotator ""]
[Source ""]
[Remark ""]

1.e4 c5 2.Nf3 e6 3.c3 Nc6 4.Bb5 a6 5.Ba4 b5 6.Bc2 d5 7.d4 c4
8.O-O Bd6 9.Re1 Nge7 10.e5 Bc7 11.Ng5 h6 12.Qh5 Rf8 13.Nh7 Rh8
14.g4 Ng8 15.Ng5 hxg5 16.Qxh8 Kf8 17.Bh7 Nce7 18.Bxg5 Bb7 19.Bxg8
Ng6 20.Qh5 Qe8 21.Bh7 Bd8 22.Bxg6 Bxg5 23.Qxg5 fxg6 24.Nd2 Qf7
25.Re3 Kg8 26.Rf3 Qe8 27.Rf4 Rd8 28.Nf3 Rd7 29.Nh4 Kh7 30.Re1
Rf7 31.Qxg6+ Kg8 32.Re3 Rf8 33.Ref3 1-0

[Event "B"]
[Site ""]
[Date "2009.11.20"]
[Round "1.117"]
[White "Nizhegorodtsev, Dmitry"]
[Black "Kretov, Evgueij"]
[Result "1-0"]
[WhiteElo "1879"]
[BlackElo "2181"]
[Annotator ""]
[Source ""]
[Remark ""]

1.e4 c5 2.Nf3 Nc6 3.Bb5 a6 4.Bxc6 dxc6 5.d3 Qc7 6.Nc3 e5 7.Be3
Bd6 8.Ne2 Ne7 9.Qd2 O-O 10.h3 f6 11.g4 Be6 12.Nh4 g6 13.Rg1 Kh8
14.O-O-O b5 15.f4 Bxa2 16.f5 gxf5 17.gxf5 Rg8 18.Bh6 Rxg1 19.Rxg1
Rg8 20.Ng3 Bf7 21.Qf2 Qa5 22.Ne2 Qa1+ 23.Kd2 Qxb2 24.Ng6+ hxg6
25.fxg6 Bxg6 26.Qh4 Qb4+ 27.c3 Qb2+ 28.Ke1 Qa1+ 29.Kf2 Qxg1+
30.Nxg1 Bh5 31.Qxh5 Rg6 32.Bf8+ 1-0

[Event "B"]
[Site ""]
[Date "2009.11.20"]
[Round "1.118"]
[White "Dzhangobegov, Vladimir"]
[Black "Kanjaryan, Vladimir"]
[Result "1-0"]
[WhiteElo "2180"]
[BlackElo "1877"]
[Annotator ""]
[Source ""]
[Remark ""]

1.e4 e5 2.Nf3 Nc6 3.d4 exd4 4.Nxd4 Bc5 5.Nb3 Bb6 6.a4 a6 7.Nc3
d6 8.Qe2 Be6 9.Nd5 Ba7 10.Be3 Bxe3 11.Qxe3 Nf6 12.Be2 O-O 13.O-O-O
Bxd5 14.exd5 Re8 15.Qf3 Ne5 16.Qg3 Ne4 17.Qe3 Ng6 18.Nd4 Nc5
19.Qg3 Nxa4 20.h4 Qf6 21.h5 Nf4 22.Bf3 Re5 23.h6 g6 24.Rh4 Nxd5
25.Bxd5 Rxd5 26.Rf4 Qg5 27.Qf3 Nc5 28.Kb1 Ne6 29.Nxe6 Rxd1+ 30.Qxd1
fxe6 31.Qd4 Qxh6 32.Qf6 e5 33.Qe6+ Kh8 34.Rf7 Rf8 35.Rxc7 Qh1+
36.Ka2 Qxg2 37.Qe7 Qd5+ 38.b3 Qg8 39.Qxd6 Rf5 40.Rxb7 h5 41.Rb8
Qxb8 42.Qxb8+ Kg7 43.Qe8 Kh6 44.Qe7 Rxf2 45.Qxe5 Rxc2+ 46.Ka3
Rg2 47.Qe3+ Rg5 48.Qf4 a5 49.Kb2 h4 50.Qxh4+ Rh5 51.Qf4+ Kg7
52.Kc3 Rf5 1-0

[Event "B"]
[Site ""]
[Date "2009.11.20"]
[Round "1.119"]
[White "Krylov, Ivan"]
[Black "Khazankin, Moisei"]
[Result "0-1"]
[WhiteElo "1877"]
[BlackElo "2180"]
[Annotator ""]
[Source ""]
[Remark ""]

1.e4 c5 2.Nf3 d6 3.Bb5+ Nc6 4.Bxc6+ bxc6 5.h3 Nf6 6.Qe2 e5 7.d3
Be7 8.O-O O-O 9.Nc3 Ne8 10.Nd2 g6 11.Nc4 Bg5 12.f4 exf4 13.Bxf4
Be6 14.Rad1 d5 15.Nd2 d4 16.Na4 Bxf4 17.Rxf4 Qg5 18.Rf3 Rb8 19.Rdf1
Qe5 20.b3 Nd6 21.Nb2 Rb7 22.Qf2 Re7 23.Qh4 Rb7 24.Rf6 Kg7 25.Nf3
Qxf6 26.Ng5 Qxf1+ 27.Kxf1 h6 28.Qf4 hxg5 29.Qxd6 g4 30.Qxc6 gxh3
31.Qxb7 h2 32.Qxa7 h1Q+ 33.Kf2 Qc1 0-1

[Event "B"]
[Site ""]
[Date "2009.11.20"]
[Round "1.120"]
[White "Sangadzhiev, German"]
[Black "Alieva, Nurlana"]
[Result "1-0"]
[WhiteElo "2180"]
[BlackElo "1874"]
[Annotator ""]
[Source ""]
[Remark ""]

1.c4 e5 2.Nc3 d6 3.Nf3 f5 4.g3 Nf6 5.Bg2 Be7 6.d3 O-O 7.O-O c6
8.Rb1 Qe8 9.c5 Na6 10.cxd6 Bxd6 11.a3 Qh5 12.b4 f4 13.Ne4 Nxe4
14.dxe4 Bc7 15.Qb3+ Kh8 16.Rd1 Rf6 17.Qc3 Bg4 18.Bb2 Raf8 19.Rf1
Rh6 20.h4 fxg3 21.fxg3 Rhf6 22.Nxe5 Bxe2 23.Rxf6 Rxf6 24.Re1
Bb6+ 25.Kh1 Bf2 26.Qd2 Qe8 27.Rxe2 Bxg3 28.Qg5 Bf4 29.Qg4 h5
30.Qd7 Qxd7 31.Nxd7 Rd6 32.Bh3 Rd3 33.Bf5 Nc7 34.Nc5 Rf3 35.Ne6
Nxe6 36.Bxe6 Bh6 37.Bc8 b6 38.e5 Rf7 39.e6 Re7 40.Be5 1-0

[Event "B"]
[Site ""]
[Date "2009.11.20"]
[Round "1.122"]
[White "Mamaev, Evgeniy"]
[Black "Abdrakhmanov, Ramiss"]
[Result "0-1"]
[WhiteElo "2179"]
[BlackElo "1863"]
[Annotator ""]
[Source ""]
[Remark ""]

1.Nf3 Nf6 2.c4 e6 3.g3 b6 4.Bg2 Bb7 5.O-O c5 6.Nc3 Be7 7.d4 cxd4
8.Nb5 O-O 9.Nbxd4 Nc6 10.Bf4 Nxd4 11.Qxd4 d5 12.Ne5 Bc5 13.Qd1
Qe7 14.Bg5 dxc4 15.Bxb7 Qxb7 16.Bxf6 gxf6 17.Nd7 Rfd8 18.Nxf6+
Kg7 19.Nh5+ Kh6 20.Qc2 Kxh5 21.Qxh7+ Kg5 22.Qg7+ Kh5 23.h3 Rh8
24.Kh2 Qe7 25.f4 f5 0-1

[Event "B"]
[Site ""]
[Date "2009.11.20"]
[Round "1.123"]
[White "Rublev "]
[Black "Natacheev, Peter"]
[Result "0-1"]
[WhiteElo "1860"]
[BlackElo "2179"]
[Annotator ""]
[Source ""]
[Remark ""]

1.e4 d5 2.exd5 Qxd5 3.Nc3 Qd6 4.d4 Nf6 5.Nf3 a6 6.Be3 b5 7.Bd3
Bb7 8.h3 Nbd7 9.O-O h6 10.Nd2 e6 11.Nce4 Nxe4 12.Bxe4 Bxe4 13.Nxe4
Qc6 14.Qf3 O-O-O 15.Rfc1 Nf6 16.Nd2 Qxf3 17.Nxf3 Bd6 18.c4 bxc4
19.Rxc4 Nd5 20.Rac1 f6 21.Nd2 f5 22.Nf3 g5 23.Ne5 Rh7 24.Nc6
Rg8 25.Ra4 g4 26.Rxa6 Kd7 27.hxg4 Rhg7 28.g5 f4 29.Bd2 Rxg5 30.Kf1
Rxg2 31.Ke2 Rh2 32.Ne5+ Bxe5 33.dxe5 Rgg2 34.Be1 Rg5 35.Bc3 Nxc3+
36.Rxc3 Rxe5+ 37.Kf3 Rh3+ 38.Kxf4 Rf5+ 39.Ke4 Rxc3 40.bxc3 Rxf2
41.Ra8 Rh2 42.Rh8 Rh3 43.Kd4 Rh4+ 44.Ke5 Rh5+ 45.Kd4 Kd6 46.Rd8+
Kc6 47.Ke4 Kb7 48.Rh8 0-1

[Event "B"]
[Site ""]
[Date "2009.11.20"]
[Round "1.124"]
[White "Pluzhnik, Mikhail"]
[Black "Vavulin, Maksim"]
[Result "0-1"]
[WhiteElo "2177"]
[BlackElo "1857"]
[Annotator ""]
[Source ""]
[Remark ""]

1.e4 e6 2.d4 d5 3.e5 c5 4.c3 Nc6 5.Nf3 Bd7 6.a3 c4 7.Nbd2 Na5
8.Be2 Bc6 9.O-O Qd7 10.b3 cxb3 11.Nxb3 Ba4 12.Nfd2 Rc8 13.Qc2
Qc7 14.Bb2 Ne7 15.Rfc1 Qb6 16.Bd1 Nxb3 17.Nxb3 Nc6 18.Rcb1 Nxd4
19.Qd2 Nxb3 20.Bxb3 Qxb3 21.Bc1 Qc4 22.Rxb7 Bc5 23.Qg5 O-O 24.Qg3
Kh8 25.Bg5 Bc6 26.Rbb1 Rb8 27.Rxb8 Rxb8 28.Qf3 Kg8 29.Qg3 Rb2
30.Rf1 Bb5 0-1

[Event "B"]
[Site ""]
[Date "2009.11.20"]
[Round "1.125"]
[White "Malyshev, Roman B"]
[Black "Kapov, Albert"]
[Result "0-1"]
[WhiteElo "1856"]
[BlackElo "2176"]
[Annotator ""]
[Source ""]
[Remark ""]

1.d4 d5 2.c4 e6 3.g3 Nf6 4.Bg2 c6 5.Nc3 Nbd7 6.b3 Bb4 7.Bd2 O-O
8.a3 Ba5 9.Qc2 dxc4 10.bxc4 c5 11.d5 Ne5 12.Qb3 exd5 13.cxd5
Re8 14.Nf3 c4 15.Qc2 Nd3+ 16.Kf1 Nc5 17.Nd4 Ng4 18.h3 Nxf2 19.Kxf2
Qf6+ 20.Nf3 Bxc3 21.Bg5 Qb6 22.Be3 Rxe3 23.Kxe3 Nd3+ 0-1

[Event "B"]
[Site ""]
[Date "2009.11.20"]
[Round "1.126"]
[White "Leonov, Vladislav"]
[Black "Paldyaev, Vladislav"]
[Result "1-0"]
[WhiteElo "2176"]
[BlackElo "1853"]
[Annotator ""]
[Source ""]
[Remark ""]

1.c4 c5 2.Nf3 Nf6 3.g3 b6 4.Bg2 Bb7 5.O-O Na6 6.d3 h6 7.e4 g5
8.e5 Nh7 9.e6 dxe6 10.Ne5 Bg7 11.Qa4+ Kf8 12.Nd7+ Kg8 13.Bxb7
Nb4 14.Nc3 Nxd3 15.Rd1 Nxc1 16.Raxc1 Bd4 17.Ne2 e5 18.Nxd4 Rb8
19.Bg2 Qc7 20.Ne2 1-0

[Event "B"]
[Site ""]
[Date "2009.11.20"]
[Round "1.127"]
[White "Kvasov, Sergey"]
[Black "Murzin, Lenar"]
[Result "0-1"]
[WhiteElo "1850"]
[BlackElo "2175"]
[Annotator ""]
[Source ""]
[Remark ""]

1.e4 c5 2.Nc3 Nc6 3.g3 g6 4.Bg2 Bg7 5.d3 d6 6.Be3 Rb8 7.Qd2 b5
8.Nge2 Nd4 9.Nd1 Bg4 10.Bxd4 cxd4 11.c3 dxc3 12.Nexc3 Bd7 13.Ne3
e6 14.O-O Ne7 15.b4 Qb6 16.Rac1 O-O 17.Rc2 Rfc8 18.Rfc1 Nc6 19.Ne2
Nd4 20.Nxd4 Qxd4 21.Rc7 Rxc7 22.Rxc7 Rd8 23.h3 Qb6 24.Rc2 Rc8
25.Rxc8+ Bxc8 26.Kf1 Bd7 27.Ke2 Bd4 28.Kf1 h5 29.Nc2 Kg7 30.Nxd4
Qxd4 31.Ke2 e5 32.Bf3 Bxh3 33.Bxh5 Be6 34.Bf3 Qa1 35.Qc2 Bxa2
36.Bg4 d5 37.exd5 Bxd5 38.Qc5 Bb3 39.Ke3 a6 40.d4 Qe1+ 41.Be2
exd4+ 42.Qxd4+ f6 43.Qa7+ Bf7 44.Qc5 Qa1 45.Bd3 Qa3 46.Qd4 a5
47.bxa5 Qxa5 48.Qc5 Qe1+ 49.Be2 b4 50.Qc2 b3 51.Qd2 Qa1 52.Bd3
Qe5+ 53.Kf3 Bd5+ 54.Kg4 Qh5+ 55.Kf4 Qg5# 0-1

[Event "B"]
[Site ""]
[Date "2009.11.20"]
[Round "1.128"]
[White "Radomsky, Viacheslav G"]
[Black "De Luna Butz, Alberto"]
[Result "1-0"]
[WhiteElo "2175"]
[BlackElo "1849"]
[Annotator ""]
[Source ""]
[Remark ""]

1.d4 d5 2.c4 c6 3.Nc3 Nf6 4.e3 Bf5 5.Nf3 Nbd7 6.Bd2 e6 7.Be2
Be7 8.Nh4 Bg6 9.Nxg6 hxg6 10.Qc2 Qc7 11.cxd5 exd5 12.h3 O-O-O
13.O-O-O Rhe8 14.Kb1 Kb8 15.Rc1 Bd6 16.Bd3 Nf8 17.Qa4 Qd7 18.f3
Bc7 19.Rc2 Nh5 20.Rhc1 Ne6 21.b4 a6 22.Qb3 Rc8 23.b5 axb5 24.a4
b4 25.Na2 Bd6 26.Nxb4 Nc7 27.Nxc6+ Ka8 28.Qb6 bxc6 29.Qa5+ Kb8
30.Rb2+ Nb5 31.Bxb5 Qa7 32.Bxc6+ 1-0

[Event "B"]
[Site ""]
[Date "2009.11.20"]
[Round "1.129"]
[White "Basencyan, Mark"]
[Black "Shapfiullin, Ildar"]
[Result "1-0"]
[WhiteElo "1848"]
[BlackElo "2175"]
[Annotator ""]
[Source ""]
[Remark ""]

1.d4 Nf6 2.c4 e6 3.Nf3 Bb4+ 4.Bd2 a5 5.a3 Bxd2+ 6.Qxd2 O-O 7.Nc3
d5 8.e3 b6 9.Bd3 Bb7 10.cxd5 exd5 11.O-O c5 12.Rac1 Ne4 13.Qc2
Qe7 14.Rfe1 Nd7 15.Bb5 Ndf6 16.Na4 cxd4 17.Nxd4 Rac8 18.Qe2 Qd6
19.Rcd1 Nc5 20.Nc3 Qe5 21.f3 Rfd8 22.Rd2 Ne8 23.Red1 Nd6 24.a4
Ne6 25.f4 Qf6 26.Nf3 Qe7 27.Nxd5 Bxd5 28.Rxd5 Nxf4 29.exf4 1-0

[Event "B"]
[Site ""]
[Date "2009.11.20"]
[Round "1.130"]
[White "Menshikov, Alexander"]
[Black "Moshensky, Denis"]
[Result "1-0"]
[WhiteElo "2174"]
[BlackElo "1847"]
[Annotator ""]
[Source ""]
[Remark ""]

1.e4 c5 2.c3 d5 3.exd5 Qxd5 4.d4 Nf6 5.Nf3 Bg4 6.Be2 e6 7.O-O
Nc6 8.h3 Bh5 9.Be3 cxd4 10.cxd4 Be7 11.Nc3 Qd6 12.Qb3 O-O 13.Rfd1
Nb4 14.Nb5 Qd5 15.Qa4 Rfc8 16.a3 Nc6 17.Rac1 a6 18.Nc3 Qd6 19.b4
Nd5 20.Ne4 Qd8 21.Nc5 Bxc5 22.dxc5 Qc7 23.Qb3 Ne5 24.g4 Bg6 25.Qb2
Nxf3+ 26.Bxf3 Rd8 27.Rd4 f6 28.Rcd1 Bf7 29.Qd2 h6 30.Bf4 Qd7
31.Be4 g5 32.Be3 Kg7 33.f4 gxf4 34.Bxf4 Rh8 35.Bd6 Qa4 36.Qb2 1-0

[Event "B"]
[Site ""]
[Date "2009.11.20"]
[Round "1.131"]
[White "Lev, Nikolay"]
[Black "Remizov, Juri"]
[Result "0-1"]
[WhiteElo "1846"]
[BlackElo "2174"]
[Annotator ""]
[Source ""]
[Remark ""]

1.d4 f5 2.Bf4 Nf6 3.Nf3 d6 4.h3 c6 5.e3 h6 6.Bd3 g5 7.Bh2 Nbd7
8.Bxf5 Qa5+ 9.Nbd2 Qxf5 10.c3 e5 11.dxe5 Nxe5 12.Nxe5 dxe5 13.Nf3
e4 14.Nd4 Qd5 15.Qc2 Bd7 16.a3 c5 17.Ne2 Bb5 18.Rd1 Bd3 19.Qa4+
Qd7 20.Qb3 c4 21.Qa2 Qa4 22.Nd4 O-O-O 23.b3 cxb3 24.Nxb3 Qxa3
25.Ra1 Qxa2 26.Rxa2 Bc4 27.Rb2 Ba3 28.Rb1 Bd3 29.Rd1 Bb2 30.Be5
Nd5 31.Rxd3 exd3 32.Bxh8 Rxh8 33.O-O Nxc3 34.Nd2 b5 0-1

[Event "B"]
[Site ""]
[Date "2009.11.20"]
[Round "1.133"]
[White "Petukhov, Nikolay"]
[Black "Minasyan, Arnold"]
[Result "0-1"]
[WhiteElo "1843"]
[BlackElo "2171"]
[Annotator ""]
[Source ""]
[Remark ""]

1.e4 c5 2.Nf3 e6 3.b3 d6 4.Bb2 Nf6 5.d3 Be7 6.e5 dxe5 7.Nxe5
O-O 8.Be2 Nbd7 9.Nc4 b5 10.Ne3 Bb7 11.Bf3 Nd5 12.O-O Bf6 13.c3
Ne5 14.Ng4 Nxg4 15.Bxg4 Nf4 16.Bf3 Bxf3 17.Qxf3 Nxd3 18.Rd1 Ne5
19.Qe2 Qb8 20.Nd2 Ng6 21.Ne4 Be7 22.Rd7 a6 23.Rad1 Ra7 24.c4
Rxd7 25.Rxd7 Rd8 26.Qd2 Rxd7 27.Qxd7 bxc4 28.Qa4 cxb3 29.axb3
Qb5 30.Qa1 f6 31.Nd2 Qe2 32.Nc4 Nf4 33.Qf1 Qc2 34.g3 Nd3 35.Na5
Nxb2 36.Qxa6 Nd3 0-1

[Event "B"]
[Site ""]
[Date "2009.11.20"]
[Round "1.134"]
[White "Bobrov, Yury"]
[Black "Ramazashvili, Rainer"]
[Result "0-1"]
[WhiteElo "2169"]
[BlackElo "1841"]
[Annotator ""]
[Source ""]
[Remark ""]

1.e4 c5 2.f4 e6 3.Nf3 Nc6 4.c3 Nf6 5.d3 d6 6.g3 Be7 7.Bg2 Qc7
8.O-O O-O 9.Kh1 b6 10.Be3 Ba6 11.Na3 Rad8 12.Bg1 c4 13.Nxc4 Bxc4
14.dxc4 Nxe4 15.Qc2 f5 16.Rfe1 Bf6 17.Nd2 d5 18.Rad1 Rfe8 19.cxd5
exd5 20.Qa4 Na5 21.Nf3 Nc4 22.Qc2 Qf7 23.Bd4 Re6 24.b3 Na3 25.Qb2
Nb5 26.Rd3 0-1

[Event "B"]
[Site ""]
[Date "2009.11.20"]
[Round "1.136"]
[White "Nikologorskiy, Konstantin"]
[Black "Kovalev, Evgeny I"]
[Result "1-0"]
[WhiteElo "2168"]
[BlackElo "1832"]
[Annotator ""]
[Source ""]
[Remark ""]

1.c4 Nf6 2.Nc3 g6 3.g3 Bg7 4.Bg2 d6 5.e4 c5 6.Nge2 Nc6 7.O-O
Nd7 8.f4 Nf8 9.f5 e6 10.g4 Bd7 11.d3 Ne5 12.Ng3 Qh4 13.Bf3 O-O-O
14.Be3 h5 15.gxh5 gxf5 16.exf5 exf5 17.Nb5 Be6 18.Qd2 Rd7 19.Nxa7+
Kb8 20.Nb5 b6 21.a4 d5 22.a5 dxc4 23.axb6 Nxf3+ 24.Rxf3 c3 25.bxc3
Bc4 26.Bf4+ Kc8 27.Ra8+ Kb7 28.Rb8+ Ka6 29.Nc7+ Ka5 30.Qb2 1-0

[Event "B"]
[Site ""]
[Date "2009.11.20"]
[Round "1.138"]
[White "Nefedov, Sergey"]
[Black "Kostoglotov, Dmitry"]
[Result "1-0"]
[WhiteElo "2166"]
[BlackElo "1827"]
[Annotator ""]
[Source ""]
[Remark ""]

1.d4 Nf6 2.Nf3 e6 3.c4 b6 4.g3 Bb7 5.Bg2 Bb4+ 6.Bd2 Bxd2+ 7.Qxd2
O-O 8.O-O d6 9.Nc3 Nbd7 10.Rad1 Ne4 11.Nxe4 Bxe4 12.Qf4 Nf6 13.g4
Bb7 14.Rfe1 Nd7 15.e4 Qf6 16.Qg3 Rfd8 17.Nh4 g5 18.Nf3 e5 19.h4
h6 20.Qh2 Qf4 21.hxg5 Qxh2+ 22.Kxh2 hxg5 23.Nxg5 exd4 24.Rxd4
Ne5 25.Kg3 c5 26.Rdd1 Nxc4 27.b3 Ne5 28.f4 Nc6 29.Rh1 Nd4 30.Nxf7
Kxf7 31.Rh7+ Ke6 32.Rxb7 Rh8 33.g5 Ne2+ 34.Kf3 Nd4+ 35.Rxd4 1-0

[Event "B"]
[Site ""]
[Date "2009.11.20"]
[Round "1.140"]
[White "Golynsky, Yuri"]
[Black "Komov, Sergey"]
[Result "1-0"]
[WhiteElo "2164"]
[BlackElo "1809"]
[Annotator ""]
[Source ""]
[Remark ""]

1.e4 e5 2.Nf3 Nc6 3.Bc4 Bc5 4.O-O Nf6 5.c3 O-O 6.d4 exd4 7.cxd4
Bb6 8.d5 Ne7 9.e5 Ne8 10.d6 cxd6 11.exd6 Ng6 12.Bg5 Nf6 13.Qd3
Bc5 14.Nc3 Qb6 15.Bxf6 gxf6 16.Ne4 Kg7 17.Qc3 Ne5 18.Nxe5 Bd4
19.Qg3+ Kh8 20.Nxf7+ 1-0

[Event "B"]
[Site ""]
[Date "2009.11.20"]
[Round "1.141"]
[White "Kruchinin, Anatoly V"]
[Black "Mukhin, Viktor"]
[Result "0-1"]
[WhiteElo "1809"]
[BlackElo "2164"]
[Annotator ""]
[Source ""]
[Remark ""]

1.Nf3 Nf6 2.h3 d5 3.c4 e6 4.e3 Be7 5.Nc3 O-O 6.d4 b6 7.Bd3 Bb7
8.a3 c5 9.O-O cxd4 10.exd4 Nbd7 11.Re1 Rc8 12.cxd5 Nxd5 13.Nxd5
Bxd5 14.Bf4 Nf6 15.Ba6 Ra8 16.Rc1 Bxf3 17.gxf3 Nd5 18.Bg3 Bd6
19.Kh2 Bf4 20.Rc6 Qf6 21.Re4 Rad8 22.Bc4 Bxg3+ 23.fxg3 Ne7 24.Rc7
Nf5 25.Rf4 g5 26.Rxf5 Qxf5 27.Qb3 Rxd4 0-1

[Event "B"]
[Site ""]
[Date "2009.11.20"]
[Round "1.142"]
[White "Gumirov, Konstantin L"]
[Black "Magdalinskaya, Evgenia"]
[Result "0-1"]
[WhiteElo "2163"]
[BlackElo "1800"]
[Annotator ""]
[Source ""]
[Remark ""]

1.e4 e6 2.d4 d5 3.c4 dxe4 4.Nc3 Nf6 5.Bg5 Be7 6.Nge2 Nc6 7.g3
Nb4 8.Bg2 Nd3+ 9.Kf1 Nxf2 10.Kxf2 Ng4+ 11.Ke1 Bxg5 12.Bxe4 O-O
13.Qd3 f5 14.Bf3 Ne5 15.Qd1 Nxf3+ 16.Kf2 Nd2 17.h4 Ne4+ 18.Nxe4
fxe4+ 19.Kg2 Bf6 0-1

[Event "B"]
[Site ""]
[Date "2009.11.20"]
[Round "1.143"]
[White "Parakhoni, Anna"]
[Black "Mosionzhik, Ilya"]
[Result "0-1"]
[WhiteElo "1793"]
[BlackElo "2162"]
[Annotator ""]
[Source ""]
[Remark ""]

1.e4 e5 2.Nf3 d6 3.d4 exd4 4.Qxd4 Bg4 5.Qe3 Be7 6.Nc3 Nf6 7.Bc4
O-O 8.O-O Nc6 9.Nd4 Ne5 10.Bb3 c5 11.Nde2 c4 12.f4 cxb3 13.fxe5
dxe5 14.axb3 Qc7 15.Qf2 Be6 16.h3 Qc6 17.Ng3 b5 18.Re1 a5 19.Nf5
Bxf5 20.exf5 Bc5 21.Be3 Bxe3 22.Rxe3 Rfe8 23.Qe2 b4 24.Ne4 Nxe4
25.Rxe4 Kh8 26.Rxe5 Rec8 27.Re1 h6 28.Rc1 f6 29.Re4 Qd5 30.Rf4
Re8 31.Qd1 Qe5 32.Rf1 Rad8 33.Qf3 Qxb2 34.c4 bxc3 35.Qxc3 Qxc3
36.Rxc3 Re2 37.g4 Red2 38.Rf2 Rd1+ 39.Kg2 Kh7 40.Kg3 h5 41.Ra2
Kh6 42.Rf2 R8d5 43.Rff3 hxg4 44.Kxg4 Rg1+ 45.Kf4 Re5 0-1

[Event "B"]
[Site ""]
[Date "2009.11.20"]
[Round "1.144"]
[White "Manelyuk, Nikita"]
[Black "Mironov, Yury"]
[Result "1-0"]
[WhiteElo "2162"]
[BlackElo "1792"]
[Annotator ""]
[Source ""]
[Remark ""]

1.e4 c5 2.Nf3 Nc6 3.d4 cxd4 4.Nxd4 d6 5.Nc3 g6 6.Be3 Bg7 7.Qd2
Nf6 8.f3 Bd7 9.g4 O-O 10.h4 h5 11.Nxc6 bxc6 12.Bh6 hxg4 13.h5
Bxh6 14.Qxh6 gxh5 15.e5 dxe5 16.Qg5+ Kh8 17.Qh6+ Kg8 18.Bd3 e4
19.Qg5+ Kh8 20.Bxe4 e6 21.Rxh5+ Nxh5 22.Qh6+ 1-0

[Event "B"]
[Site ""]
[Date "2009.11.20"]
[Round "1.145"]
[White "Lavshirbanov, Ruslan"]
[Black "Grigoriev, Semyon"]
[Result "0-1"]
[WhiteElo "1791"]
[BlackElo "2161"]
[Annotator ""]
[Source ""]
[Remark ""]

1.e4 e5 2.Nf3 Nc6 3.Bb5 Nf6 4.O-O Nxe4 5.d4 Nd6 6.Bxc6 dxc6 7.dxe5
Nf5 8.Qxd8+ Kxd8 9.Nc3 Ne7 10.Ne4 Bf5 11.Re1 h6 12.c4 Ng6 13.Bd2
b6 14.Nd4 Bxe4 15.Rxe4 c5 16.Nf5 Ne7 17.Ng3 Ke8 18.Bc3 h5 19.Rh4
g6 20.e6 Rg8 21.exf7+ Kxf7 22.Rf4+ Ke8 23.Re1 Kd7 24.Rf7 Kc6
25.Rfxe7 Bxe7 26.Rxe7 Rae8 27.Rf7 Rgf8 28.Rh7 Rf4 29.b3 h4 30.Nf1
Re2 31.f3 a5 32.Nd2 Re3 33.Bh8 Re8 34.Ne4 a4 35.Bc3 a3 36.Nf6
Re2 37.Nd5 Rd4 38.Bxd4 cxd4 39.Kf1 d3 40.Rxh4 Rd2 41.Ke1 Rxg2
42.Rd4 Kc5 43.Rxd3 Rxa2 44.Rd2 Rxd2 45.Kxd2 a2 0-1

[Event "B"]
[Site ""]
[Date "2009.11.20"]
[Round "1.146"]
[White "Matveev, Stanislav"]
[Black "Rubanov, Sergey"]
[Result "1-0"]
[WhiteElo "2161"]
[BlackElo "1788"]
[Annotator ""]
[Source ""]
[Remark ""]

1.e4 c5 2.Nf3 g6 3.d4 cxd4 4.Qxd4 f6 5.Nc3 Bg7 6.Bc4 e6 7.Nb5
Bf8 8.Bf4 Nc6 9.Qd2 Bb4 10.c3 Ba5 11.Nd6+ Ke7 12.e5 Bc7 13.Rd1
Bxd6 14.Qxd6+ Ke8 15.O-O Qe7 16.Qd2 Qc5 17.Qe2 f5 18.b4 Qb6 19.Rd6
Qc7 20.Rfd1 a6 21.h4 Nd8 22.Qd3 b5 23.Bb3 Ne7 24.Bg5 Nf7 25.Bf6
Rf8 26.Ng5 Nxg5 27.hxg5 Kf7 28.Qh3 Ke8 29.Bxe7 Kxe7 30.Qxh7+
Rf7 31.Qh8 1-0

[Event "B"]
[Site ""]
[Date "2009.11.20"]
[Round "1.148"]
[White "Murzin, Sergey"]
[Black "Alimov, Ravil"]
[Result "1-0"]
[WhiteElo "2160"]
[BlackElo "1776"]
[Annotator ""]
[Source ""]
[Remark ""]

1.c4 c5 2.Nf3 Nc6 3.Nc3 Nf6 4.g3 d5 5.cxd5 Nxd5 6.Bg2 e6 7.O-O
Be7 8.b3 O-O 9.Bb2 Rb8 10.d3 b5 11.Qd2 Qb6 12.Rac1 Bd7 13.Ne5
Nxe5 14.Nxd5 exd5 15.Bxe5 Bd6 16.Qf4 Bxe5 17.Qxe5 Bc6 18.Qd6
Rfe8 19.e3 Re6 20.Qxc5 Qb7 21.b4 g6 22.Qd4 Ra8 23.Rc5 Rd6 24.Rfc1
Rad8 25.h4 Qd7 26.Kh2 a6 27.a3 Qe6 28.Bh3 Qe8 29.Bg4 f5 30.Bf3
h5 31.Qf4 Kh7 32.d4 Qd7 33.Qg5 Qe8 34.Rxc6 1-0

[Event "B"]
[Site ""]
[Date "2009.01.31"]
[Round "1.149"]
[White "Litvinov, Konstantin"]
[Black "Popelyshev, Igor V"]
[Result "1-0"]
[WhiteElo "1768"]
[BlackElo "2159"]
[Annotator ""]
[Source ""]
[Remark ""]

1.d4 d5 2.c4 e6 3.Nc3 Nf6 4.Bg5 Nbd7 5.Nf3 c6 6.e3 Qa5 7.Nd2
dxc4 8.Bxf6 Nxf6 9.Nxc4 Qc7 10.Bd3 Bd7 11.O-O c5 12.Ne5 cxd4
13.Nxd7 Nxd7 14.exd4 Bb4 15.Nb5 Qb6 16.Qc2 Rd8 17.a3 Bd6 18.Rfe1
a6 19.Nxd6+ Qxd6 20.Be4 b6 21.d5 e5 22.b4 g6 23.Qc6 Ke7 24.Rac1
Nb8 25.Qc7+ Rd7 26.Qc3 Kf6 27.f4 Re8 28.Rf1 Kg7 29.f5 f6 30.fxg6
hxg6 31.Qg3 g5 32.Bf5 Qxd5 33.Bxd7 Nxd7 34.Rfd1 Qe6 35.Qd3 Nf8
36.Qxa6 e4 37.Qb7+ Kg6 38.Rc6 Qb3 39.Rf1 Qe3+ 40.Kh1 Nh7 41.Qd7
Re5 42.Rc7 1-0

[Event "B"]
[Site ""]
[Date "2009.01.31"]
[Round "1.150"]
[White "Sinelnikov, Igor"]
[Black "Tantsov, Peter"]
[Result "1-0"]
[WhiteElo "2158"]
[BlackElo "1762"]
[Annotator ""]
[Source ""]
[Remark ""]

1.e4 e5 2.Nf3 Nf6 3.Nc3 Nc6 4.Bb5 Bb4 5.O-O d6 6.Nd5 Ba5 7.d4
a6 8.Bxc6+ bxc6 9.Nxf6+ gxf6 10.Nh4 h5 11.c4 Bb6 12.Be3 Bg4 13.f3
Bd7 14.Qd2 Rg8 15.Rad1 Bh3 16.Kh1 exd4 17.Bxd4 Bxd4 18.Qxd4 c5
19.Qf2 Be6 20.b3 a5 21.f4 a4 22.e5 f5 23.Rfe1 Kf8 24.Nf3 axb3
25.axb3 Ra3 26.exd6 cxd6 27.Ng5 Ke7 28.Qe2 Qd7 29.Qxh5 Kd8 30.Qh6
Rg6 31.Qh8+ Ke7 32.Nh7 Qe8 33.Qb2 Qa8 34.Qd2 Qa6 35.Ng5 Rxb3
36.Qc2 Qb7 37.Qxf5 Kd7 38.Qxc5 Bh3 39.Re2 Rd3 40.Rxd3 Qb1+ 41.Qg1
Qxd3 42.Qa7+ Kc6 43.Qa6+ Kc5 44.Qb5+ Kd4 45.Qd5+ 1-0

[Event "B"]
[Site ""]
[Date "2009.01.31"]
[Round "1.151"]
[White "Bondarev, Ivan"]
[Black "Sampilov, Bazarjap"]
[Result "0-1"]
[WhiteElo "1759"]
[BlackElo "2157"]
[Annotator ""]
[Source ""]
[Remark ""]

1.e4 c5 2.f4 e5 3.d3 d6 4.Nf3 Nc6 5.Be2 Be7 6.O-O Nf6 7.Nc3 O-O
8.Kh1 a6 9.Qe1 Kh8 10.f5 b5 11.h3 d5 12.Bd1 dxe4 13.dxe4 b4 14.Na4
Qc7 15.c3 Bb7 16.Bc2 bxc3 17.Nxc3 Nd4 18.Ba4 c4 19.a3 Rad8 20.Bg5
Nxf3 21.gxf3 h6 22.Be3 Kh7 23.Qe2 Nd7 24.Bxd7 Rxd7 25.Bb6 Qc8
26.Rad1 Bc6 27.Kh2 Qb7 28.Rxd7 Qxd7 29.Rd1 Qb7 30.Rd2 Rb8 31.Be3
Qb3 32.Bc5 Bg5 33.Be3 Bf6 34.Bc5 Qb7 35.Be3 a5 36.Bc5 Rd8 37.Rxd8
Bxd8 38.Be3 a4 39.Qc2 Be7 40.Bc1 Qa7 41.Kg2 Bc5 42.Nd1 Bb5 43.Nc3
Bc6 44.Nd1 Qa6 45.Nc3 Bd4 46.Bd2 Ba7 47.Nd1 Qb5 48.Be3 Bd4 49.Bd2
Qa6 50.Nc3 Bd7 51.Ne2 g6 52.fxg6+ Qxg6+ 53.Ng3 h5 54.Kh2 h4 55.Ne2
Qe6 56.Nxd4 Qxh3+ 57.Kg1 Qg3+ 58.Kh1 exd4 59.Qxc4 Qxf3+ 60.Kg1
Bh3 0-1